书目信息 |
| 题名: |
今日美语
|
|
| 作者: | 董燕 , 卢小萍 译 | |
| 分册: | Book 1 Annotated teacher's edition | |
| 出版信息: | 北京 北京语言大学出版社 2007.03 |
|
| 页数: | 60, 213页 | |
| 开本: | 28cm | |
| 丛书名: | ||
| 单 册: | ||
| 中图分类: | H310.1 | |
| 科图分类: | ||
| 主题词: | 英语--ying yu--美国--教材 | |
| 电子资源: | ||
| ISBN: | 978-7-5619-1801-2 | |
| 000 | 01231nam0 2200313 450 | |
| 001 | 012008776854 | |
| 005 | 20080430141847.35 | |
| 010 | @a978-7-5619-1801-2@dCNY69.00 (含光盘和磁带) | |
| 010 | @a7-88703-379-9@b光盘 | |
| 010 | @a7-88703-384-5@b磁带 | |
| 100 | @a20080430d2007 em y0chiy0120 ea | |
| 101 | 0 | @achi@aeng |
| 102 | @aCN@b110000 | |
| 105 | @ay z 000yy | |
| 106 | @ar | |
| 200 | 1 | @a今日美语@Ajin ri mei yu@d= Contemporary English@hBook 1@iAnnotated teacher's edition@f董燕, 卢小萍译@Fdong yan,lu xiao ping yi@zeng |
| 210 | @a北京@c北京语言大学出版社@d2007.03 | |
| 215 | @a60, 213页@d28cm@e光盘1片@e磁带1盒 | |
| 306 | @a与美国麦格劳-希尔教育(亚洲)出版公司合作出版 | |
| 312 | @a版权页题名: 今日美语教师用书1 | |
| 330 | @a本书内容含:教材编写说明;摸底试卷;第1册10个单元的教案;练习活动样本;单元评估测试题及答案;练习册的练习答案;听力录音文本。 | |
| 510 | 1 | @aContemporary English@hBook 1@iAnnotated teacher's edition@zeng |
| 517 | 1 | @a今日美语教师用书@Ajin ri mei yu jiao shi yong shu |
| 606 | 0 | @a英语@Aying yu@y美国@j教材 |
| 690 | @aH310.1@v4 | |
| 701 | 0 | @a董燕@Adong yan@4译 |
| 701 | 0 | @a卢小萍@Alu xiao ping@4译 |
| 801 | 0 | @aCN@bQSSK@c20080430 |
| 905 | @b299869-70@dH310.1@eD753:1@f2 | |
| 今日美语= Contemporary English.Book 1.Annotated teacher's edition/董燕, 卢小萍译.-北京:北京语言大学出版社,2007.03 |
| 60, 213页;28cm+光盘1片+磁带1盒 |
| ISBN 978-7-5619-1801-2:CNY69.00 (含光盘和磁带) |
| 本书内容含:教材编写说明;摸底试卷;第1册10个单元的教案;练习活动样本;单元评估测试题及答案;练习册的练习答案;听力录音文本。 |
| ● |
| 相关链接 |
|
|
|
正题名:今日美语
索取号:H310.1/D753:1
 
预约/预借
| 序号 | 登录号 | 条形码 | 馆藏地/架位号 | 状态 | 备注 |
| 1 | 299869 | 202998694 | 语言库209/209语言库 94排4列2层/ [索取号:H310.1/D753:1] | 在馆 | |
| 2 | 299870 | 202998701 | 语言库209/209语言库 94排4列2层/ [索取号:H310.1/D753:1] | 在馆 |